Estabilidad del empleado público (Registro nro. 7753)
[ vista simple ]
| 000 -LEADER | |
|---|---|
| fixed length control field | 01021 a2200205 4500 |
| 001 - CONTROL NUMBER | |
| control field | 62668 |
| 005 - DATE AND TIME OF LATEST TRANSACTION | |
| control field | 20260407155920.0 |
| 008 - FIXED-LENGTH DATA ELEMENTS--GENERAL INFORMATION | |
| fixed length control field | 260407a1974 arg spa d |
| 003 - CONTROL NUMBER IDENTIFIER | |
| control field | AR-UNSa-BCEJYS |
| 040 ## - CATALOGING SOURCE | |
| Original cataloging agency | AR-UNSa-BCEJYS |
| Language of cataloging | spa |
| Transcribing agency | AR-UNSa-BCEJYS |
| 080 ## - UNIVERSAL DECIMAL CLASSIFICATION NUMBER | |
| Universal Decimal Classification number | 35.08 |
| Common auxiliary subdivision | Personal administrativo. Funcionarios. plantilla. función pública. Teoría, organización |
| 041 ## - LANGUAGE CODE | |
| Language code of text/sound track or separate title | spa |
| 100 1# - MAIN ENTRY--PERSONAL NAME | |
| Personal name | Mercado Luna, Ricardo |
| 245 10 - TITLE STATEMENT | |
| Title | Estabilidad del empleado público |
| 264 #1 - PRODUCTION, PUBLICATION, DISTRIBUTION, MANUFACTURE, AND COPYRIGHT NOTICE | |
| Place of production, publication, distribution, manufacture | Buenos Aires : |
| Name of producer, publisher, distributor, manufacturer | Astrea |
| Date of production, publication, distribution, manufacture, or copyright notice | 1974 |
| 300 ## - PHYSICAL DESCRIPTION | |
| Extent | 172 p. |
| Dimensions | 20 cm. |
| 505 ## - FORMATTED CONTENTS NOTE | |
| Formatted contents note | 1. Alcance legal de la estabilidad - 2. Efectos de la garantía de estabilidad – 3. Causas extintivas más frecuentes, cesantía y exoneración – 4. Causas extintivas menos frecuentes – 5. Declaración de prescindibilidad – 6. Causas suspensivas de la estabilidad – 7. Estado de comisión, antecedentes y objeto – 8. Constitucionalidad y control jurisdiccional de la declaración en comisión. |
| 590 ## - LOCAL NOTE (RLIN) | |
| Local note | niveau_biblio:m niveau_hierar:0 |
| 942 ## - ADDED ENTRY ELEMENTS (KOHA) | |
| Koha item type | |
| Withdrawn status | Lost status | Damaged status | Not for loan | Home library | Current library | Shelving location | Date acquired | Total checkouts | Full call number | Barcode | Date last seen | Price effective from | Koha item type |
|---|---|---|---|---|---|---|---|---|---|---|---|---|---|
| Biblioteca Prof. Eusebio Cleto del Rey | Biblioteca Prof. Eusebio Cleto del Rey | 07/04/2026 | 35.08 M553 | L25682 | 07/04/2026 | 07/04/2026 | Libro |